[Event "Berlin-ch Seniors op 26th"]
[Site "Berlin"]
[Date "2010.02.09"]
[Round "1"]
[White "Junghaenel, Dieter"]
[Black "Schick, Albert"]
[Result "1/2-1/2"]
[WhiteElo "1433"]
[BlackElo "1728"]
[PlyCount "83"]
[EventDate "2010.02.09"]
[EventType "swiss"]
[EventRounds "9"]
[EventCountry "GER"]
[SourceTitle "EXT 2012"]
[Source "ChessBase"]
[SourceDate "2011.11.24"]
[SourceVersion "1"]
[SourceVersionDate "2011.11.24"]
[SourceQuality "1"]

1. d4 e6 2. Nf3 Be7 3. c3 b6 4. Nbd2 Bb7 5. e4 d6 6. Bd3 Nd7 7. Qe2 Nf8 8. Bb5+ c6 9. Ba6 Qc8 10. Bxb7 Qxb7 11. e5 d5 12. Nb3 h6 13. Bd2 Nd7 14. Rc1 c5 15. 0-0 c4 16. Na1 Qa6 17. a3 Qa4 18. Be3 a5 19. Qc2 Qxc2 20. Rxc2 b5 21. Bd2 Nb6 22. Rb1 a4 23. Rcc1 g5 24. h3 f5 25. g3 Kd7 26. Kg2 g4 27. hxg4 fxg4 28. Nh2 h5 29. Rh1 Nh6 30. Bxh6 Rxh6 31. Nxg4 Rg6 32. Ne3 h4 33. Rh3 Rag8 34. Re1 Bg5 35. Nac2 Nc8 36. g4 Ne7 37. Kf3 R6g7 38. Ke2 Ng6 39. Ng2 Rf8 40. f3 Rgf7 41. Rf1 Kc7 42. Nce3 1/2-1/2

[Event "Berlin-ch Seniors op 25th"]
[Site "Berlin"]
[Date "2009.02.15"]
[Round "4"]
[White "Schick, Albert"]
[Black "Albinus, Guenter"]
[Result "0-1"]
[WhiteElo "1739"]
[BlackElo "1908"]
[PlyCount "104"]
[EventDate "2009.02.12"]
[EventType "swiss"]
[EventRounds "9"]
[EventCountry "GER"]
[SourceTitle "EXT 2022"]
[Source "ChessBase"]
[SourceDate "2021.10.06"]
[SourceVersion "1"]
[SourceVersionDate "2021.10.06"]
[SourceQuality "1"]

1. e4 c5 2. Nf3 d6 3. Bc4 e6 4. Nc3 Nc6 5. d3 Be7 6. 0-0 Nf6 7. h3 a6 8. a4 0-0 9. Be3 d5 10. e5 Nd7 11. Bxd5 exd5 12. Nxd5 Ndxe5 13. Nxe7+ Qxe7 14. Nxe5 Qxe5 15. c3 Be6 16. a5 Rfd8 17. Ra4 c4 18. d4 Qb5 19. Qa1 Qh5 20. Bf4 Rac8 21. Qa3 Rd7 22. Qa1 Ne7 23. Bg3 Qg6 24. Qd1 Rd5 25. Rb4 Rb5 26. Qf3 Bd5 27. Qf4 Rxa5 28. Qe5 Nc6 29. Qf4 Nxb4 30. cxb4 Rb5 31. Re1 Qc6 32. Re7 h6 33. Qg4 Be6 34. Qh4 Rxb4 35. Be5 Kh7 36. Qg3 Rg8 37. Rc7 Qe4 38. Re7 Rb3 39. f3 Qe3+ 40. Kh2 Qg5 41. Qxg5 hxg5 42. Kg3 Rd8 43. Rc7 Rd5 44. h4 gxh4+ 45. Kxh4 Rxb2 46. g4 Rd7 47. Rc5 Rb3 48. f4 f6 49. Bb8 Rxd4 50. f5 Rdd3 51. g5 Rd4+ 52. Kh5 Rh3# 0-1

[Event "Berlin-ch Seniors op 25th"]
[Site "Berlin"]
[Date "2009.02.12"]
[Round "1"]
[White "Strehlow, Horst"]
[Black "Schick, Albert"]
[Result "1/2-1/2"]
[WhiteElo "2117"]
[BlackElo "1739"]
[PlyCount "127"]
[EventDate "2009.02.12"]
[EventType "swiss"]
[EventRounds "9"]
[EventCountry "GER"]
[SourceTitle "EXT 2022"]
[Source "ChessBase"]
[SourceDate "2021.10.06"]
[SourceVersion "1"]
[SourceVersionDate "2021.10.06"]
[SourceQuality "1"]

1. e4 e6 2. d4 d5 3. Nd2 c5 4. Ngf3 Nc6 5. exd5 exd5 6. Bb5 Qe7+ 7. Qe2 Qxe2+ 8. Bxe2 Nb4 9. Bb5+ Bd7 10. Bxd7+ Kxd7 11. Kd1 f6 12. a3 Nc6 13. Nb3 b6 14. dxc5 bxc5 15. c3 Rb8 16. Kc2 Ne5 17. Nxe5+ fxe5 18. f4 e4 19. Be3 Rc8 20. Rad1 Nf6 21. h3 h5 22. Rhe1 Bd6 23. Kb1 Rc7 24. g3 Rb8 25. Nc1 a5 26. Rd2 Ke7 27. Ne2 Rcb7 28. Rg1 Rb3 29. g4 hxg4 30. hxg4 g6 31. f5 gxf5 32. gxf5 Kf7 33. Bf4 Bxf4 34. Nxf4 Rxc3 35. Ne6 Ke7 36. Ka2 Rc4 37. b3 Rc3 38. Rb2 Kd6 39. Rg7 d4 40. b4 axb4 41. axb4 Ra8+ 42. Kb1 d3 43. bxc5+ Ke5 44. Nc7 Ra5 45. Rf7 Kxf5 46. Rxf6+ Kxf6 47. Nd5+ Ke5 48. Nxc3 e3 49. Kc1 Rxc5 50. Rb5 Rxb5 51. Nxb5 Kf4 52. Kd1 Kf3 53. Nc3 Kf2 54. Ne4+ Kf1 55. Nd2+ Kf2 56. Ne4+ Kf3 57. Nc3 Kf4 58. Ke1 Ke5 59. Kd1 Kd4 60. Ne2+ Kc4 61. Nf4 Kc3 62. Nd5+ Kd4 63. Nxe3 Kxe3 64. Ke1 1/2-1/2

[Event "Berlin-ch Seniors op 24th"]
[Site "Berlin"]
[Date "2008.02.28"]
[Round "8"]
[White "Schueler, Wolfgang"]
[Black "Schick, Albert"]
[Result "1-0"]
[WhiteElo "1884"]
[BlackElo "1786"]
[PlyCount "69"]
[EventDate "2008.02.21"]
[EventType "swiss"]
[EventRounds "9"]
[EventCountry "GER"]
[SourceTitle "EXT 2022"]
[Source "ChessBase"]
[SourceDate "2021.10.06"]
[SourceVersion "1"]
[SourceVersionDate "2021.10.06"]
[SourceQuality "1"]

1. e4 e5 2. Nf3 d5 3. Nxe5 dxe4 4. d4 Be6 5. Nc3 Bb4 6. Be2 f6 7. Nc4 f5 8. 0-0 c6 9. f3 exf3 10. Rxf3 Nd7 11. Bf4 Ngf6 12. Nd6+ Bxd6 13. Bxd6 Nb6 14. Be5 Nbd7 15. Re3 Kf7 16. Bh5+ g6 17. Bf3 Re8 18. Bf4 Qa5 19. a3 Qb6 20. b4 a5 21. Na4 Qa7 22. Nc5 axb4 23. Bd6 Nd5 24. Bxd5 cxd5 25. Qe2 Nxc5 26. dxc5 Qa4 27. Re1 Qd7 28. axb4 b6 29. c3 bxc5 30. Bxc5 Qc7 31. Re5 Ra3 32. Qe3 Ra2 33. Bd4 Raa8 34. Qh6 Rg8 35. Rxe6 1-0

[Event "Berlin-ch Seniors op 24th"]
[Site "Berlin"]
[Date "2008.02.25"]
[Round "5"]
[White "Schick, Albert"]
[Black "Keusch, Horst"]
[Result "1-0"]
[WhiteElo "1786"]
[BlackElo "1882"]
[PlyCount "57"]
[EventDate "2008.02.21"]
[EventType "swiss"]
[EventRounds "9"]
[EventCountry "GER"]
[SourceTitle "EXT 2022"]
[Source "ChessBase"]
[SourceDate "2021.10.06"]
[SourceVersion "1"]
[SourceVersionDate "2021.10.06"]
[SourceQuality "1"]

1. e4 g6 2. d4 c6 3. f4 d5 4. e5 h5 5. Bd3 Nh6 6. c3 Bf5 7. Nf3 e6 8. Be3 Bxd3 9. Qxd3 Nf5 10. Bf2 Be7 11. Nbd2 h4 12. 0-0-0 Nd7 13. g4 Ng7 14. h3 Qa5 15. Kb1 b6 16. c4 Qa6 17. Rc1 Rd8 18. Qe3 Qb7 19. Qe1 c5 20. Nxh4 cxd4 21. Nhf3 Nc5 22. Qf1 d3 23. Bxc5 Bxc5 24. Qxd3 0-0 25. h4 Rd7 26. h5 gxh5 27. Ng5 f5 28. exf6 Ne8 29. Qg6+ 1-0